000 00805nam a2200253 a 4500
001 BRCA_3613
005 20190320204343.0
008 120809s1958----gw-a---###---#000-0#ger-#
041 _ager
044 _agw
050 4 _aN1040
_b.G75 1958
100 1 _aGrigson, Geoffrey
_99371
245 1 0 _aKunstschätze im Britische Museum
_cAuswahl und Begleittext von Geoggrey Grigson ; Photos von Edwin Smith.
260 _aMünchen
_bDroemersche Verlagsanstalt T. Knaur Nachf
_c1958
300 _a70 p.
_bil., 157 láminas
_c28 cm.
500 _aIncluye 6 láminas a color numeradas en romano
500 _aB283
610 2 4 _aBritish Museum
_91207
650 1 4 _aArte
_zLondres
_99372
650 1 4 _aGalerias y Museos
_zInglaterra
_99373
700 1 _aSmith, Edwid
_eil
_99374
902 _aGFM
942 _2lcc
_cB
999 _c3348
_d3348